Statistics for Name the second biggest cities in these countries

Click here to take the quiz!

General Stats

  • This quiz has been taken 43 times
  • The average score is 17 of 26

Answer Stats

Country#1#2% Correct
ChinaShanghaiBeijing
100%
USANew YorkLos Angeles
98%
JapanTokyoOsaka
98%
BrazilSao PauloRio De janeiro
95%
RussiaMoscowSt petersburg
95%
UAEDubaiAbu dhabi
93%
EgyptCairoAlexandria
93%
UKLondonBirmingham
93%
FranceParisLyon
93%
IrelandDublinCork
88%
KazakhstanAlmatyNur-Sultan
85%
SwedenStockholmGothenburg
80%
South AfricaCape TownDurban
78%
CroatiaZagrebSplit
71%
BangladeshDhakaChittagong
68%
NigeriaLagosKano
68%
UkraineKyivKharkiv
63%
LeichtensteinSchaanVaduz
61%
IndonesiaJakartaSurabaya
59%
BelgiumAntwerpGhent
54%
GhanaAccraKumasi
46%
IranTehranMashhad
41%
BoliviaSanta Cruz La SierraEl Alto
10%
AzerbaijanBakuSumqayit
5%
BelarusMinskHomyel
2%
Timor LesteDiliMaliana
2%

Score Distribution

Percentile by Number Answered

Percent of People with Each Score

Your Score History

You have not taken this quiz